[Event "WJCC 2001"]
[Site "?"]
[Date "2001.??.??"]
[Round "10"]
[White "Sergeeva, M."]
[Black "Zuriel, M."]
[Result "1/2-1/2"]
[WhiteElo "2327"]
[BlackElo "2202"]
[Annotator "G 10.10"]
[PlyCount "119"]
[EventDate "2001.??.??"]

1. e4 c5 2. Nf3 d6 3. d4 cxd4 4. Nxd4 Nf6 5. Nc3 a6 6. Bg5 e6 7. Qd3 Nbd7 8.
Qg3 b5 9. a3 Bb7 10. Bd3 Rc8 11. O-O Be7 12. Kh1 Nh5 13. Qh3 Bxg5 14. Qxh5 O-O
15. f4 Bf6 16. Nf3 Bxc3 17. bxc3 Nf6 18. Qh3 Bxe4 19. Bxe4 Nxe4 20. Rae1 Nf6
21. f5 exf5 22. Nd4 g6 23. Re3 Re8 24. Ref3 Rc5 25. Qh6 Ng4 26. Qd2 Ree5 27. h3
Nf6 28. Qg5 Kh8 29. g4 Re8 30. gxf5 Ne4 31. Qg2 Qh4 32. fxg6 hxg6 33. Rf4 Qg3
34. Rxf7 Rh5 35. R7f3 Qxg2+ 36. Kxg2 Rg5+ 37. Kh2 Nd2 38. Rf8+ Rxf8 39. Rxf8+
Kh7 40. Rf6 Ne4 41. Rf7+ Kh6 42. Ra7 Nxc3 43. Rxa6 Rd5 44. Nf3 Ne4 45. Ra5 Nd2
46. Nxd2 Rxd2+ 47. Kg1 Rxc2 48. Rxb5 Rc3 49. a4 Rxh3 50. Rd5 Ra3 51. Rxd6 Rxa4
52. Kg2 Ra3 53. Rd5 g5 54. Rb5 Kh5 55. Rb4 Ra2+ 56. Kg3 Ra3+ 57. Kg2 Kg6 58.
Rb5 Kh5 59. Rb4 g4 60. Rb8 1/2-1/2

[Event "WJCC 2001"]
[Site "?"]
[Date "2001.??.??"]
[Round "10"]
[White "Moncayo Romero, E."]
[Black "Reizniece, D."]
[Result "0-1"]
[WhiteElo "2220"]
[BlackElo "2312"]
[Annotator "G 10.11"]
[PlyCount "54"]
[EventDate "2001.??.??"]

1. e4 d6 2. d4 Nf6 3. Nc3 g6 4. Be3 c6 5. Qd2 b5 6. Bd3 Nbd7 7. a4 b4 8. Nd1 a5
9. c3 bxc3 10. bxc3 e5 11. Ne2 Bg7 12. O-O O-O 13. f3 d5 14. Nf2 Re8 15. Rab1
Qc7 16. Rfc1 Rb8 17. Rxb8 Qxb8 18. Rb1 Qd6 19. c4 exd4 20. Bxd4 dxe4 21. Bxe4
Nc5 22. Qxa5 Nfxe4 23. Bxg7 Nxf2 24. Bd4 Nfd3 25. Rf1 Ba6 26. Qc3 Qe6 27. Qd2
Bxc4 0-1

[Event "WJCC 2001"]
[Site "?"]
[Date "2001.??.??"]
[Round "10"]
[White "Calotescu, C."]
[Black "Kaps, D."]
[Result "1/2-1/2"]
[WhiteElo "2283"]
[BlackElo "2221"]
[Annotator "G 10.12"]
[PlyCount "83"]
[EventDate "2001.??.??"]

1. Nf3 c5 2. c4 Nf6 3. g3 e6 4. Bg2 Be7 5. O-O O-O 6. Nc3 Nc6 7. d4 d5 8. cxd5
exd5 9. dxc5 Bxc5 10. Bg5 Be6 11. Rc1 Be7 12. e3 h6 13. Bf4 Qb6 14. Na4 Qa5 15.
Nd4 Nxd4 16. Qxd4 Rac8 17. b3 Nd7 18. e4 dxe4 19. Bd2 Qd5 20. Qxd5 Bxd5 21. Nc3
Bc6 22. Nxe4 f5 23. Nc3 Ne5 24. Nd5 Ba3 25. Rce1 Rfe8 26. Bc3 Bd6 27. Rd1 Nf7
28. Bd4 b6 29. f4 Re2 30. Rf2 Bb5 31. Rxe2 Bxe2 32. Rd2 Rc1+ 33. Kf2 Bb5 34. b4
a5 35. bxa5 bxa5 36. Ne3 Bb4 37. Rd1 Rxd1 38. Nxd1 Bc4 39. a4 Bb3 40. Nc3 Kf8
41. Nd5 Ba3 42. Nb6 1/2-1/2

[Event "WJCC 2001"]
[Site "?"]
[Date "2001.??.??"]
[Round "10"]
[White "Hryhorenko, N."]
[Black "Volosjuk, J."]
[Result "1-0"]
[WhiteElo "2128"]
[BlackElo "2078"]
[Annotator "G 10.13"]
[PlyCount "57"]
[EventDate "2001.??.??"]

1. d4 d5 2. Nf3 Nf6 3. Bf4 c5 4. c3 Nc6 5. e3 cxd4 6. exd4 Bf5 7. Bd3 Bxd3 8.
Qxd3 e6 9. Nbd2 Be7 10. h3 O-O 11. O-O a6 12. Ne5 Nd7 13. Rae1 Rc8 14. Bh2
Ndxe5 15. Bxe5 b5 16. a3 a5 17. Bh2 Qb6 18. f4 Bf6 19. Kh1 Ne7 20. Nb3 Nf5 21.
Nc5 Rfd8 22. g4 Nd6 23. f5 exf5 24. Bxd6 Qxd6 25. Nb7 Qd7 26. Nxd8 fxg4 27.
hxg4 Bxd8 28. Qf5 Qc7 29. g5 1-0

[Event "WJCC 2001"]
[Site "?"]
[Date "2001.??.??"]
[Round "10"]
[White "Moshina, C."]
[Black "Gorlin, Y."]
[Result "1/2-1/2"]
[WhiteElo "2221"]
[BlackElo "2106"]
[Annotator "G 10.14"]
[PlyCount "115"]
[EventDate "2001.??.??"]

1. e4 e6 2. d4 d5 3. Nc3 Bb4 4. e5 c5 5. a3 Bxc3+ 6. bxc3 Qc7 7. Nf3 b6 8. Bb5+
Bd7 9. Bd3 Ba4 10. O-O Nc6 11. Rb1 cxd4 12. cxd4 Nge7 13. Bd2 Rc8 14. Rb2 Nd8
15. Qe2 Nec6 16. Rc1 Qe7 17. Ra2 Nb7 18. c4 Bb3 19. Raa1 Bxc4 20. Bxc4 dxc4 21.
Rxc4 O-O 22. Rac1 Qd7 23. Qd3 h6 24. Qc2 Ne7 25. Rc7 Rxc7 26. Qxc7 Rd8 27. Qxd7
Rxd7 28. Kf1 Nd5 29. Ke2 Kf8 30. g4 Rc7 31. Rxc7 Nxc7 32. Ke3 Ke8 33. g5 Nd8
34. Ne1 Nc6 35. f4 Ke7 36. Ke4 b5 37. f5 f6 38. Nd3 a5 39. Nf4 fxe5 40. dxe5
Kf7 41. fxe6+ Nxe6 42. Kd5 Ne7+ 43. Kd6 Nxf4 44. Bxf4 b4 45. a4 Ng6 46. Be3 b3
47. Bc1 Nf4 48. Kd7 Ne6 49. Kc6 Nf4 50. Kd7 Ne6 51. Ba3 hxg5 52. h3 Nf4 53. Bc1
Ne6 54. Kd6 Nf4 55. Kd7 Ne6 56. Kc6 Nf4 57. Kd7 Ne6 58. Kd6 1/2-1/2

[Event "WJCC 2001"]
[Site "?"]
[Date "2001.??.??"]
[Round "10"]
[White "Khamrakulova, I."]
[Black "Jurkiewicz, K."]
[Result "0-1"]
[WhiteElo "2217"]
[BlackElo "2217"]
[Annotator "G 10.15"]
[PlyCount "90"]
[EventDate "2001.??.??"]

1. e4 c5 2. c3 d6 3. d4 Nf6 4. Bd3 Nc6 5. Ne2 g6 6. O-O Bg7 7. Bc2 O-O 8. d5
Ne5 9. f4 Ned7 10. c4 a6 11. Nbc3 Rb8 12. a4 b6 13. Ng3 Ne8 14. Qe2 Nc7 15. Bd2
e6 16. f5 Ne5 17. Bf4 Bd7 18. Rad1 Qe7 19. Bxe5 Bxe5 20. Qf3 Qh4 21. Rfe1 Ne8
22. Nf1 Ng7 23. g4 h5 24. h3 hxg4 25. hxg4 exf5 26. exf5 gxf5 27. gxf5 Qg5+ 28.
Kh1 Nxf5 29. Re4 Nh4 30. Qf2 Ng6 31. Nh2 Kg7 32. Rg1 Qh6 33. Rh4 Bd4 34. Qg3
Qe3 35. Qxe3 Bxe3 36. Rg2 Rh8 37. Re4 Rbe8 38. Re2 Rxe4 39. Nxe4 Bf4 40. Kg1
Bxh2+ 41. Rxh2 Rxh2 42. Kxh2 Bf5 43. Kg3 Bxe4 44. Bxe4 Kf6 45. Kf3 Ne5+ 0-1

[Event "WJCC 2001"]
[Site "?"]
[Date "2001.??.??"]
[Round "10"]
[White "Topel, Z."]
[Black "Kisonova, K."]
[Result "0-1"]
[WhiteElo "2000"]
[BlackElo "2092"]
[Annotator "G 10.24"]
[PlyCount "48"]
[EventDate "2001.??.??"]

1. e4 c5 2. Nc3 Nc6 3. f4 g6 4. Nf3 Bg7 5. Bc4 e6 6. f5 Nge7 7. fxe6 fxe6 8. d3
d5 9. Bb3 b5 10. O-O c4 11. dxc4 dxc4 12. Qxd8+ Kxd8 13. Nxb5 cxb3 14. Ng5 bxc2
15. Nf7+ Kd7 16. Rf2 Nd4 17. Nxh8 Nxb5 18. Nxg6 hxg6 19. Rxc2 Bd4+ 20. Kh1 e5
21. Bg5 Bb7 22. Re1 Re8 23. Rce2 Nd6 24. h4 Nc6 0-1

[Event "WJCC 2001"]
[Site "?"]
[Date "2001.??.??"]
[Round "11"]
[White "Schneider, D."]
[Black "Gomez, J."]
[Result "1-0"]
[WhiteElo "2405"]
[BlackElo "2000"]
[Annotator "B 11.20"]
[PlyCount "91"]
[EventDate "2001.??.??"]

1. e4 c5 2. Nf3 d6 3. Bc4 Nf6 4. d3 Nc6 5. c3 a6 6. Bb3 Bg4 7. h3 Bh5 8. Qe2 e6
9. Nbd2 Be7 10. O-O O-O 11. g4 Bg6 12. Nh4 Ne8 13. Ng2 h6 14. f4 Bh7 15. f5
exf5 16. gxf5 Na5 17. Bd5 Nc7 18. Ne3 Bg5 19. Ndc4 Nxc4 20. Bxc4 Bxe3+ 21. Bxe3
Qf6 22. Bb3 Rfe8 23. Qh2 b6 24. Bf4 Rad8 25. Rae1 Qe7 26. Re3 Kh8 27. Kh1 f6
28. Rg1 Rf8 29. Reg3 Ne8 30. Qg2 b5 31. Bd5 Rc8 32. Qd2 Rc7 33. Rg4 Rf7 34. a4
Qf8 35. Ra1 Rfe7 36. axb5 axb5 37. Ra8 Ra7 38. Rb8 Red7 39. Qd1 Qe7 40. Qg1 Rd8
41. Rxd8 Qxd8 42. Bxh6 Bg8 43. Rh4 g5 44. Bxg5+ Bh7 45. Bh6 Qe7 46. Rg4 1-0

[Event "WJCC 2001"]
[Site "?"]
[Date "2001.??.??"]
[Round "11"]
[White "Cernousek, L."]
[Black "Mihailidis, A."]
[Result "1/2-1/2"]
[WhiteElo "2262"]
[BlackElo "2146"]
[Annotator "B 11.27"]
[PlyCount "82"]
[EventDate "2001.??.??"]

1. e4 e5 2. Nf3 Nc6 3. c3 d5 4. Bb5 dxe4 5. Nxe5 Qd5 6. Qa4 Nge7 7. f4 exf3 8.
Nxf3 a6 9. Be2 b5 10. Qd1 Ng6 11. d4 Bd6 12. O-O O-O 13. a4 Bb7 14. Na3 Na7 15.
Qd3 Qh5 16. h3 Rfe8 17. axb5 axb5 18. Nc2 Bf4 19. Ne3 Be4 20. Qd1 Nh4 21. Ng4
Bxc1 22. Qxc1 Nxf3+ 23. Bxf3 Bxf3 24. Rxf3 Nc6 25. Re3 f5 26. Rxa8 Rxa8 27. Ne5
Qh6 28. Nxc6 Qxc6 29. Re5 g6 30. Qf1 b4 31. cxb4 Qd6 32. Qc4+ Kg7 33. Qc5 Rd8
34. Re7+ Kh6 35. Qc1+ g5 36. Qxc7 Qxc7 37. Rxc7 Rxd4 38. Rb7 Rd2 39. b3 Rb2 40.
b5 Rxb3 41. b6 Rb2 1/2-1/2

[Event "WJCC 2001"]
[Site "?"]
[Date "2001.??.??"]
[Round "11"]
[White "Khukhashvili, S."]
[Black "Zimina, O."]
[Result "1/2-1/2"]
[WhiteElo "2295"]
[BlackElo "2312"]
[Annotator "G 11.4"]
[PlyCount "111"]
[EventDate "2001.??.??"]

1. e4 c6 2. d4 d5 3. exd5 cxd5 4. c4 Nf6 5. Nc3 g6 6. Qb3 Bg7 7. cxd5 O-O 8.
Be2 Nbd7 9. d6 exd6 10. Bf3 Nb6 11. Nge2 Be6 12. Qd1 Qd7 13. O-O Nbd5 14. Bg5
h6 15. Bxf6 Nxf6 16. h3 Bc4 17. Re1 Rfe8 18. Qd2 h5 19. Ng3 Ba6 20. b4 Bc4 21.
d5 Rac8 22. Rxe8+ Nxe8 23. Rc1 Nf6 24. Nge4 b5 25. Qf4 Nxd5 26. Qxd6 Qxd6 27.
Nxd6 Rc6 28. Nf5 gxf5 29. Nxd5 Ra6 30. Ne7+ Kf8 31. Nxf5 Rxa2 32. Bxh5 Ra1 33.
Rxa1 Bxa1 34. Nd6 Bd3 35. Nxf7 Bc3 36. Nd8 Bxb4 37. Nc6 Bc5 38. Ne5 Bf5 39. Be2
b4 40. Bc4 Ke7 41. Kf1 Bc2 42. Ke2 Kd6 43. Nf7+ Kc7 44. Kd2 Ba4 45. f4 Bd4 46.
Kd3 Bg7 47. Ne5 Kd6 48. g4 Bxe5 49. fxe5+ Kxe5 50. g5 Be8 51. Kc2 a5 52. Kb3
Kf4 53. g6 Bxg6 54. Ka4 Bc2+ 55. Kxa5 b3 56. Bxb3 1/2-1/2

[Event "WJCC 2001"]
[Site "?"]
[Date "2001.??.??"]
[Round "11"]
[White "Gu, X."]
[Black "Hryhorenko, N."]
[Result "1-0"]
[WhiteElo "2300"]
[BlackElo "2236"]
[Annotator "G 11.8"]
[PlyCount "85"]
[EventDate "2001.??.??"]

1. e4 e6 2. d4 d5 3. Nd2 Nf6 4. e5 Nfd7 5. Bd3 c5 6. c3 Nc6 7. Ne2 Rb8 8. O-O
b5 9. Nf3 b4 10. dxc5 Bxc5 11. Bf4 bxc3 12. Nxc3 Nb4 13. Bb1 Ba6 14. Re1 Qb6
15. Bg3 Be7 16. a3 Nc6 17. b4 Bc4 18. h4 a5 19. b5 Na7 20. Bc2 Rc8 21. Ng5 h6
22. Qh5 Bxg5 23. hxg5 Qd4 24. Re3 Be2 25. Qxe2 Rxc3 26. Rd1 Rxe3 27. fxe3 Qb6
28. g6 O-O 29. gxf7+ Rxf7 30. Qd3 Nf8 31. Rb1 Nc8 32. Be1 Rc7 33. a4 Ne7 34.
Bf2 Qc5 35. Rb2 Nc8 36. b6 Nxb6 37. e4 dxe4 38. Qxe4 Qc3 39. Bxb6 Rc4 40. Bxa5
Qxa5 41. Qxc4 Qe1+ 42. Qf1 Qe3+ 43. Kh1 1-0

[Event "WJCC 2001"]
[Site "?"]
[Date "2001.??.??"]
[Round "11"]
[White "Kaps, D."]
[Black "Moshina, C."]
[Result "1/2-1/2"]
[WhiteElo "2221"]
[BlackElo "2228"]
[Annotator "G 11.11"]
[PlyCount "110"]
[EventDate "2001.??.??"]

1. e4 c5 2. Nf3 d6 3. d4 cxd4 4. Nxd4 Nf6 5. Nc3 Nc6 6. Bc4 Qb6 7. Nb3 e6 8.
O-O Ne5 9. Bd3 a6 10. h3 Bd7 11. Kh1 h5 12. Be3 Qc7 13. f4 Nc4 14. Bxc4 Qxc4
15. Qd4 Qxd4 16. Bxd4 h4 17. Bxf6 gxf6 18. f5 Be7 19. a4 b6 20. Nd4 Rc8 21. Rf3
Rc4 22. Nde2 Rg8 23. b3 Rc5 24. Nd4 Bc8 25. Raf1 Kd7 26. Rd3 Bb7 27. Kh2 Rgc8
28. Nde2 e5 29. g3 hxg3+ 30. Rxg3 b5 31. axb5 axb5 32. Ra1 b4 33. Na4 Rb5 34.
c4 bxc3 35. Naxc3 Rxb3 36. Ra7 Rb2 37. Rg7 Ra8 38. Rxa8 Bxa8 39. Rg4 d5 40.
exd5 Bb4 41. Rxb4 Rxb4 42. Ng3 Rd4 43. Nge4 Bxd5 44. Nxf6+ Kc6 45. Ncxd5 Rxd5
46. Nxd5 Kxd5 47. Kg3 e4 48. h4 Ke5 49. Kg4 e3 50. Kf3 Kxf5 51. Kxe3 Kg4 52. h5
Kxh5 53. Kf4 Kg6 54. Kg4 Kf6 55. Kf4 Ke6 1/2-1/2

[Event "WJCC 2001"]
[Site "?"]
[Date "2001.??.??"]
[Round "11"]
[White "Zuriel, M."]
[Black "Zingagirova, S."]
[Result "1-0"]
[WhiteElo "2202"]
[BlackElo "2150"]
[Annotator "G 11.12"]
[PlyCount "56"]
[EventDate "2001.??.??"]

1. e4 c5 2. Nf3 Nc6 3. d4 cxd4 4. Nxd4 g6 5. Nc3 Bg7 6. Be3 Nf6 7. Bc4 O-O 8.
Bb3 a5 9. f3 d5 10. Bxd5 Nxd5 11. exd5 Nb4 12. Nde2 Bf5 13. Rc1 b5 14. O-O Rc8
15. Nd4 Nxd5 16. Nxf5 Bxc3 17. Qxd5 gxf5 18. Qxd8 Rfxd8 19. bxc3 Rxc3 20. Bb6
Ra8 21. Rfd1 e6 22. Rd3 Rc6 23. Rd8+ Rxd8 24. Bxd8 a4 25. Be7 Rc4 26. c3 Rc7
27. Bb4 Rd7 28. Rc2 f6 1-0

[Event "WJCC 2001"]
[Site "?"]
[Date "2001.??.??"]
[Round "11"]
[White "Gorlin, Y."]
[Black "Papadopoulou, V."]
[Result "1-0"]
[WhiteElo "2106"]
[BlackElo "2193"]
[Annotator "G 11.13"]
[PlyCount "61"]
[EventDate "2001.??.??"]

1. e4 c5 2. Nf3 d6 3. Bc4 Nf6 4. d3 Nc6 5. c3 g6 6. Bb3 Bg7 7. O-O O-O 8. Re1
e5 9. Nbd2 h6 10. Nf1 Be6 11. Ng3 d5 12. Qe2 Re8 13. Bd2 Qd7 14. Rad1 Rad8 15.
Bc1 Qc7 16. h3 a6 17. Nh2 b5 18. Ng4 Nxg4 19. hxg4 d4 20. Bxe6 Rxe6 21. g5 h5
22. Nf5 dxc3 23. Nxg7 Kxg7 24. bxc3 b4 25. cxb4 cxb4 26. f4 exf4 27. d4 Nxd4
28. Bb2 Qb6 29. Qf2 Red6 30. Rxd4 Rxd4 31. Rd1 1-0

[Event "WJCC 2001"]
[Site "?"]
[Date "2001.??.??"]
[Round "11"]
[White "Calotescu, C."]
[Black "Moncayo Romero, E."]
[Result "1-0"]
[WhiteElo "2283"]
[BlackElo "2220"]
[Annotator "G 11.14"]
[PlyCount "119"]
[EventDate "2001.??.??"]

1. Nf3 f5 2. c4 Nf6 3. g3 e6 4. Bg2 Be7 5. O-O d5 6. d4 O-O 7. b3 c6 8. Ba3
Bxa3 9. Nxa3 Nbd7 10. Qc2 Qe7 11. Qb2 a5 12. Rfc1 Ne4 13. e3 g5 14. Nb1 f4 15.
exf4 gxf4 16. Nc3 Ndf6 17. Re1 Nxc3 18. Qxc3 Ne4 19. Qd3 Qg7 20. Re2 Nc5 21.
Qc2 fxg3 22. hxg3 Ne4 23. Rae1 e5 24. Nxe5 Bf5 25. Qc1 Kh8 26. Qe3 Rae8 27. Qf4
Nc3 28. Re3 Be4 29. Qh4 c5 30. Bxe4 Nxe4 31. cxd5 Nxf2 32. dxc5 Rxe5 33. Rxe5
Nd3 34. Qe4 Qxg3+ 35. Qg2 Qf4 36. R5e4 Qc7 37. R1e3 Qxc5 38. Kh2 Qd6+ 39. Kg1
Qc5 40. Kh2 Qxd5 41. Rxd3 Qxd3 42. Qb2+ Kg8 43. Rg4+ Kf7 44. Qg7+ Ke8 45. Qe5+
Kd7 46. Rd4+ Qxd4 47. Qxd4+ Kc6 48. a3 Rf5 49. Qe4+ Rd5 50. Qxh7 b5 51. Qe4 Kd6
52. Kg3 Kc5 53. Qe3+ Kc6 54. Kf4 Rd6 55. Qe8+ Kc5 56. Qe7 Kc6 57. Qa7 Rd3 58.
Qa8+ Kc5 59. Ke4 Rd4+ 60. Ke3 1-0

[Event "WJCC 2001"]
[Site "?"]
[Date "2001.??.??"]
[Round "11"]
[White "Ubiennykh, E."]
[Black "Penas Hernandez, J."]
[Result "1-0"]
[WhiteElo "2288"]
[BlackElo "2000"]
[Annotator "G 11.15"]
[PlyCount "65"]
[EventDate "2001.??.??"]

1. e4 e5 2. Nf3 Nc6 3. Bc4 Nf6 4. d3 Bc5 5. O-O d6 6. h3 O-O 7. c3 Be6 8. Bb5
a6 9. Ba4 Ba7 10. d4 exd4 11. cxd4 Bd7 12. Nc3 h6 13. Bc2 Re8 14. a3 Nh7 15.
Be3 Nf8 16. Qd2 Na5 17. b3 c6 18. Nh2 Be6 19. d5 Bxe3 20. fxe3 Bd7 21. Qf2 f6
22. Qg3 Qe7 23. Na4 Rad8 24. Nb6 cxd5 25. Nxd5 Qe5 26. Nxf6+ Kh8 27. Nxe8 Qxg3
28. Rxf8+ Kh7 29. e5+ g6 30. Nf6+ Kg7 31. Rxd8 Bxh3 32. Rg8+ Kf7 33. Bxg6+ 1-0

[Event "WJCC 2001"]
[Site "?"]
[Date "2001.??.??"]
[Round "11"]
[White "Volosjuk, J."]
[Black "Sanchez Castillo, S."]
[Result "0-1"]
[WhiteElo "2078"]
[BlackElo "2108"]
[Annotator "G 11.17"]
[PlyCount "68"]
[EventDate "2001.??.??"]

1. e4 e6 2. d3 d5 3. Nd2 c5 4. Ngf3 Nc6 5. g3 Bd6 6. Bg2 Nge7 7. O-O O-O 8. Re1
Qc7 9. Qe2 f6 10. exd5 exd5 11. Nf1 Bg4 12. Ne3 Bh5 13. c4 Rae8 14. Qc2 d4 15.
Nf1 Nb4 16. Qb3 Bg6 17. Nxd4 cxd4 18. c5+ Kh8 19. Qxb4 Bxc5 20. Qb3 Nc6 21. Bf4
Qd7 22. Qb5 Bb6 23. Nd2 Qf5 24. Qxf5 Bxf5 25. Be4 Bxe4 26. Nxe4 Ne5 27. Nd6
Nf3+ 28. Kf1 Rxe1+ 29. Rxe1 Nxe1 30. Kxe1 Bc7 31. Ke2 g5 32. Nb5 gxf4 33. Nxc7
Rc8 34. Ne6 Re8 0-1

[Event "WJCC 2001"]
[Site "?"]
[Date "2001.??.??"]
[Round "11"]
[White "Korbut, E."]
[Black "Kasturi, M."]
[Result "1-0"]
[WhiteElo "2418"]
[BlackElo "2115"]
[Annotator "G 11.18"]
[PlyCount "81"]
[EventDate "2001.??.??"]

1. e4 e5 2. Nf3 Nf6 3. Nc3 d6 4. d4 Nbd7 5. Bc4 Be7 6. Bxf7+ Kxf7 7. Ng5+ Kg8
8. Ne6 Qe8 9. Nxc7 Qg6 10. Qe2 Rb8 11. Be3 b6 12. O-O-O h6 13. dxe5 dxe5 14. f3
Kh7 15. N3b5 Bc5 16. Nxa7 Bxe3+ 17. Qxe3 Qf7 18. Kb1 Qc4 19. Ncb5 Ra8 20. b3
Qb4 21. a4 Bb7 22. g4 g5 23. h4 Kg6 24. Rd6 Rxa7 25. Qd3 Raa8 26. h5+ Kf7 27.
Rxd7+ Nxd7 28. Qxd7+ Qe7 29. Nd6+ Kf8 30. Qf5+ Kg8 31. Qg6+ Kf8 32. Nf5 Qf7 33.
Qd6+ Kg8 34. Rd1 Bc8 35. Nxh6+ Rxh6 36. Qxh6 Be6 37. Qxg5+ Qg7 38. Rd8+ Rxd8
39. Qxd8+ Kh7 40. Qxb6 Qd7 41. a5 1-0

[Event "WJCC 2001"]
[Site "?"]
[Date "2001.??.??"]
[Round "11"]
[White "Klipper, R."]
[Black "Sperdokli, E."]
[Result "1-0"]
[WhiteElo "2046"]
[BlackElo "2141"]
[Annotator "G 11.19"]
[PlyCount "80"]
[EventDate "2001.??.??"]

1. d4 Nf6 2. Nf3 e6 3. e3 b6 4. Bd3 Bb7 5. Nbd2 c5 6. c3 d5 7. Ne5 Bd6 8. f4
Nbd7 9. O-O Qe7 10. a4 O-O-O 11. Qe2 Nb8 12. a5 c4 13. Bc2 b5 14. b3 cxb3 15.
Bxb3 a6 16. c4 dxc4 17. Bxc4 Nd5 18. Bb3 f6 19. Nd3 f5 20. Bb2 Nc6 21. e4 Ndb4
22. e5 Bc7 23. Nc5 Nd5 24. Bxd5 Rxd5 25. Ndb3 Rhd8 26. Ba3 Qe8 27. Rfc1 Nxd4
28. Nxd4 Rxd4 29. Nxb7 Kxb7 30. Qf3+ R8d5 31. Bd6 Bxd6 32. exd6 Rc4 33. Rxc4
bxc4 34. Rb1+ Kc8 35. Qc3 Qa4 36. Kf2 Rd3 37. Qb4 Qxb4 38. Rxb4 Rxd6 39. Rxc4+
Kd7 40. Rb4 Kc7 1-0

[Event "WJCC 2001"]
[Site "?"]
[Date "2001.??.??"]
[Round "12"]
[White "Shaposhnikov, E."]
[Black "Navara, D."]
[Result "1/2-1/2"]
[WhiteElo "2519"]
[BlackElo "2491"]
[Annotator "B 12.6"]
[PlyCount "53"]
[EventDate "2001.??.??"]

1. e4 c5 2. Nf3 e6 3. c4 Nc6 4. Nc3 e5 5. d3 d6 6. Be2 g6 7. a3 Bg7 8. b4 cxb4
9. axb4 Nxb4 10. Ba3 Nc6 11. O-O a6 12. Qa4 Rb8 13. Rfb1 Nge7 14. Ra2 O-O 15.
Rab2 Nd4 16. Qb4 Nec6 17. Qxd6 Nxe2+ 18. Rxe2 Bg4 19. Qxd8 Rfxd8 20. Nd5 b5 21.
Reb2 Bxf3 22. gxf3 Bf8 23. Bxf8 Kxf8 24. cxb5 Rxb5 25. Rxb5 axb5 26. Rxb5 Nd4
27. Rb1 1/2-1/2

[Event "WJCC 2001"]
[Site "?"]
[Date "2001.??.??"]
[Round "12"]
[White "Gomez, J."]
[Black "Kapnisis, S."]
[Result "1-0"]
[WhiteElo "2000"]
[BlackElo "2373"]
[Annotator "B 12.24"]
[PlyCount "129"]
[EventDate "2001.??.??"]

1. e4 e5 2. Nf3 Nc6 3. Bb5 Nf6 4. O-O Nxe4 5. d4 Be7 6. Qe2 Nd6 7. Bxc6 bxc6 8.
dxe5 Nb7 9. b3 O-O 10. Bb2 Nc5 11. Nbd2 Ne6 12. Ne4 d5 13. exd6 cxd6 14. c4 d5
15. cxd5 cxd5 16. Ng3 Re8 17. Rfd1 Nf4 18. Qd2 Bd6 19. Re1 f6 20. Nh5 Ne6 21.
Rad1 Bf8 22. Nh4 d4 23. Re4 g6 24. Rg4 Kf7 25. Ng3 Qd5 26. Ne2 f5 27. Rg3 Bg7
28. Nf3 Ba6 29. Nf4 Nxf4 30. Qxf4 Rad8 31. h4 Kg8 32. h5 Be2 33. Rxd4 Bxd4 34.
Nxd4 Re4 35. Qh6 Bxh5 36. Nxf5 Rd7 37. Qxh5 Qd1+ 38. Qxd1 Rxd1+ 39. Kh2 Rd2 40.
Nh6+ Kf8 41. Rf3+ Ke8 42. Bf6 Rd5 43. Kg3 Rh5 44. Ng4 Rf5 45. Ne3 Rxf3+ 46.
Kxf3 Re6 47. Bd4 a6 48. b4 Kd7 49. a4 Kc6 50. Ke2 h5 51. Kd3 g5 52. Kc4 g4 53.
g3 Re8 54. b5+ axb5+ 55. axb5+ Kb7 56. Kd5 Rd8+ 57. Ke4 Re8+ 58. Kf4 Rf8+ 59.
Nf5 Rg8 60. Ng7 Rd8 61. Be3 Rd5 62. b6 Rb5 63. Nf5 Rd5 64. Kg5 Kb8 65. Kg6 1-0

[Event "WJCC 2001"]
[Site "?"]
[Date "2001.??.??"]
[Round "12"]
[White "Meenakshi, S."]
[Black "Calotescu, C."]
[Result "1/2-1/2"]
[WhiteElo "2245"]
[BlackElo "2283"]
[Annotator "G 12.7"]
[PlyCount "82"]
[EventDate "2001.??.??"]

1. d4 Nf6 2. Nf3 c5 3. d5 g6 4. Nc3 Bg7 5. e4 d6 6. Be2 O-O 7. O-O e6 8. dxe6
Bxe6 9. Bf4 d5 10. exd5 Nxd5 11. Nxd5 Bxd5 12. c4 Be4 13. Ng5 Bc6 14. Bf3 Qf6
15. Qd6 Qf5 16. Be3 h6 17. g4 Qc8 18. Ne4 Bxe4 19. Bxe4 Qxg4+ 20. Bg2 Nd7 21.
Qf4 Qxf4 22. Bxf4 Ne5 23. Rad1 Rad8 24. Bxb7 Nxc4 25. b3 Ne5 26. Be3 c4 27.
bxc4 Nxc4 28. Bxa7 Nd2 29. Bb6 Rb8 30. Rxd2 Rxb7 31. Be3 Ra8 32. Rfd1 Ra4 33.
Rd8+ Kh7 34. R8d7 Rxd7 35. Rxd7 Rxa2 36. Rxf7 Kg8 37. Rb7 Ra6 38. Kg2 Re6 39.
h3 Rc6 40. Kf3 Rf6+ 41. Ke4 Rf7 1/2-1/2

[Event "WJCC 2001"]
[Site "?"]
[Date "2001.??.??"]
[Round "12"]
[White "Gorlin, Y."]
[Black "Jackova, J."]
[Result "1/2-1/2"]
[WhiteElo "2106"]
[BlackElo "2350"]
[Annotator "G 12.9"]
[PlyCount "82"]
[EventDate "2001.??.??"]

1. e4 e5 2. d4 exd4 3. Qxd4 Nc6 4. Qe3 Bb4+ 5. Nc3 Nf6 6. Bd2 O-O 7. O-O-O Re8
8. Qg3 Rxe4 9. a3 Ba5 10. Be2 Nd4 11. Bd3 Rg4 12. Qh3 d5 13. f3 Rg6 14. g4 Ne4
15. Nxe4 dxe4 16. Bxe4 Bxd2+ 17. Rxd2 Rh6 18. Qg3 Rd6 19. Qf4 Be6 20. Ne2 Nxe2+
21. Rxe2 Qd7 22. Rd2 Rxd2 23. Qxd2 Qxd2+ 24. Kxd2 c6 25. Ke3 Rd8 26. Rg1 g6 27.
f4 Kg7 28. f5 Bd5 29. Bxd5 Rxd5 30. fxg6 hxg6 31. g5 Re5+ 32. Kd3 f6 33. gxf6+
Kxf6 34. Rg3 Rd5+ 35. Ke3 Rh5 36. Rf3+ Ke6 37. h3 Rb5 38. b3 Re5+ 39. Kd3 Rd5+
40. Ke3 a5 41. Kf4 Rh5 1/2-1/2

[Event "WJCC 2001"]
[Site "?"]
[Date "2001.??.??"]
[Round "12"]
[White "Reizniece, D."]
[Black "Kaps, D."]
[Result "1-0"]
[WhiteElo "2312"]
[BlackElo "2221"]
[Annotator "G 12.11"]
[PlyCount "129"]
[EventDate "2001.??.??"]

1. c4 Nf6 2. Nc3 g6 3. g3 Bg7 4. Bg2 O-O 5. Nf3 d6 6. O-O Nc6 7. d4 a6 8. Qd3
Bg4 9. h3 Bd7 10. d5 Nb4 11. Qb1 a5 12. e4 c6 13. Be3 cxd5 14. cxd5 Rc8 15. Nd4
Nh5 16. Qd1 Rc4 17. Rc1 Qc8 18. a3 Na6 19. Kh2 a4 20. Qd3 f5 21. exf5 Bxd4 22.
Bxd4 Bxf5 23. Qe3 Bd7 24. Nxa4 Bxa4 25. Rxc4 Qxc4 26. Rc1 Bc2 27. Be4 Nf6 28.
Rxc2 Qa4 29. Bd3 Qd7 30. Re2 Nxd5 31. Bc4 Nac7 32. Qxe7 Qxe7 33. Rxe7 Rf7 34.
Re2 Kf8 35. b4 b5 36. Bb3 Rf3 37. Be3 Nxe3 38. fxe3 Rf1 39. Rc2 Ne8 40. Kg2 Rb1
41. Rc3 Ke7 42. Bc2 Rb2 43. Kf3 Nf6 44. Bb3 Nd7 45. Bd5 Ne5+ 46. Kf4 Kf6 47.
Bc6 Rf2+ 48. Ke4 Rf3 49. Bxb5 Rxg3 50. Bf1 Ke6 51. b5 Rf3 52. Bc4+ Ke7 53. b6
Rxh3 54. b7 Rh4+ 55. Kd5 Nd7 56. Bb5 Rh5+ 57. Kc6 Rf5 58. a4 h5 59. Kc7 Nf6 60.
b8=Q Nd5+ 61. Kb7 Nxc3 62. Qe8+ Kf6 63. Qh8+ Kg5 64. Qxc3 h4 65. e4 1-0

[Event "WJCC 2001"]
[Site "?"]
[Date "2001.??.??"]
[Round "12"]
[White "Moshina, C."]
[Black "Ubiennykh, E."]
[Result "0-1"]
[WhiteElo "2221"]
[BlackElo "2288"]
[Annotator "G 12.12"]
[PlyCount "156"]
[EventDate "2001.??.??"]

1. e4 e5 2. Nf3 Nc6 3. Bb5 a6 4. Ba4 Nf6 5. O-O Be7 6. Re1 b5 7. Bb3 O-O 8. a4
Bb7 9. Nc3 d6 10. axb5 axb5 11. Rxa8 Bxa8 12. Nd5 Na5 13. Ba2 Nxd5 14. exd5 Nc4
15. d4 e4 16. Nd2 Bxd5 17. Nxc4 bxc4 18. Qe2 Bb7 19. Bxc4 d5 20. Bb3 Bd6 21. g3
Kh8 22. c3 f5 23. f4 Qd7 24. Be3 Ra8 25. Qf1 h6 26. Ra1 Rxa1 27. Qxa1 Qb5 28.
Qd1 Kg8 29. Kf2 Kf7 30. h4 Kf6 31. Bc1 Bc6 32. Bc2 Qa5 33. Be3 Bb5 34. Qc1 Ba6
35. Bb3 Qb5 36. Qd1 Qb7 37. Bc1 Qb5 38. Be3 Ke6 39. Kg2 Qb7 40. Kf2 c6 41. Kg2
Qb8 42. h5 Kf6 43. Kf2 Bd3 44. Bc1 Ke6 45. Bc2 Bc4 46. b3 Ba6 47. Be3 Kf6 48.
Qa1 Qb5 49. Qd1 Ke7 50. Qe1 Bc7 51. Bd1 Qa5 52. b4 Qa3 53. Be2 Bxe2 54. Kxe2
Kf6 55. Kf2 g6 56. hxg6 Kxg6 57. Bd2 Qa2 58. Kg2 h5 59. Qf2 Kh6 60. Kh3 Qb1 61.
Kg2 Qd1 62. Be3 Kg6 63. Kh2 Kf6 64. Qd2 Qg4 65. Qf2 Ke7 66. Bd2 Kd7 67. Be3 Kc8
68. Bd2 Kb7 69. Be3 Kb6 70. Bd2 Bd8 71. Be1 Qd1 72. Bd2 Kb5 73. Be1 Kc4 74.
Qa2+ Kd3 75. Qa6+ Ke3 76. Qf1 Qe2+ 77. Kg1 Kd3 78. Qf2 e3 0-1